Prarombhik samastibadi arthabigyan (Class XII)/ (Record no. 8535)

MARC details
000 -LEADER
fixed length control field 00706cam a2200229ua 4500
005 - DATE AND TIME OF LATEST TRANSACTION
control field 20211026112956.0
008 - FIXED-LENGTH DATA ELEMENTS--GENERAL INFORMATION
fixed length control field 151012n ii |||gr||||Z||||||asm
020 ## - INTERNATIONAL STANDARD BOOK NUMBER
International Standard Book Number 9788191068931
040 ## - CATALOGING SOURCE
Transcribing agency MAIN
Original cataloging agency IN-DiNC
041 ## - LANGUAGE CODE
Language code of sung or spoken text Assamese
082 ## - DEWEY DECIMAL CLASSIFICATION NUMBER
Classification number 339
Item number CHA
100 ## - MAIN ENTRY--PERSONAL NAME
Personal name Chaudhury, Rabindra Kumar,
Relator term Author
245 1# - TITLE STATEMENT
Title Prarombhik samastibadi arthabigyan (Class XII)/
Statement of responsibility, etc. by Rabindra Kumar Chaudhury and Susmita Priyadarshini
250 ## - EDITION STATEMENT
Edition statement 2nd ed.
260 ## - PUBLICATION, DISTRIBUTION, ETC.
Place of publication, distribution, etc. Guwahati:
Name of publisher, distributor, etc. Rupalim prakashan,
Date of publication, distribution, etc. 2012.
300 ## - PHYSICAL DESCRIPTION
Extent 184p.
650 ## - SUBJECT ADDED ENTRY--TOPICAL TERM
Topical term or geographic name entry element HS economics (II)
650 ## - SUBJECT ADDED ENTRY--TOPICAL TERM
Topical term or geographic name entry element Macrorconomics (HS 2nd year)
700 ## - ADDED ENTRY--PERSONAL NAME
Personal name Priyodarshini, Susmita,
Relator term Author
942 ## - ADDED ENTRY ELEMENTS (KOHA)
Koha item type Books
Source of classification or shelving scheme Dewey Decimal Classification
653 ## - INDEX TERM--UNCONTROLLED
Uncontrolled term Macroeconomics & related topics
Holdings
Withdrawn status Lost status Source of classification or shelving scheme Damaged status Not for loan Collection code Home library Current library Shelving location Date acquired Cost, normal purchase price Total Checkouts Full call number Barcode Date last seen Date last checked out Copy number Price effective from Koha item type
    Dewey Decimal Classification     Economics Central Library, Naharkatiya College Central Library, Naharkatiya College General Stacks 19/09/2020 130.00 15 339 CHA 22762 28/06/2024 07/06/2024 1 19/09/2020 Books
    Dewey Decimal Classification     Economics Central Library, Naharkatiya College Central Library, Naharkatiya College General Stacks 26/10/2021 130.00 14 339 CHA 20115 16/09/2024 28/08/2024 2 26/10/2021 Books
    Dewey Decimal Classification     Economics Central Library, Naharkatiya College Central Library, Naharkatiya College General Stacks 07/03/2022 130.00 11 339 CHA 20113 10/06/2025 14/05/2024 3 07/03/2022 Books

Naharkatiya College © 2020. All rights reserved.

Powered By